00673cam a22002531 4500001001300000003000400013005001700017008004100034010001700075035002000092040001800112042001200130043001200142050001600154100003500170245006100205260001100266300002500277500001400302504003200316650004100348650001300389999001700402sa 68015053 DLC20260227112639.0890724s1967 ii b 000 0 hino  asa 68015053  a(OCoLC)20061336 aDLCcWaUdDLC apremarc aa-ii---00aPK5417b.S51 aŚukla, Rāmalakhana,d1934-10aSādhāraṇīkaraṇa: eka śāstrīya adhyayana. c[1967] a6, 437, 4 p.c23 cm. aIn Hindi. aBibliography: p. [427]-437. 0aIndic poetryxHistory and criticism. 0aPoetics. c86194d86194